LEADER 05015nam 2200673Ia 450 001 9910143642403321 005 20210223194357.0 010 $a1-280-54194-6 010 $a9786610541942 010 $a0-471-65367-5 010 $a0-471-65368-3 035 $a(CKB)111090529069414 035 $a(EBL)183854 035 $a(OCoLC)55515767 035 $a(SSID)ssj0000179658 035 $a(PQKBManifestationID)11177655 035 $a(PQKBTitleCode)TC0000179658 035 $a(PQKBWorkID)10138030 035 $a(PQKB)10643124 035 $a(MiAaPQ)EBC183854 035 $a(PPN)243218214 035 $a(EXLCZ)99111090529069414 100 $a20750907d2004 uy 0 101 0 $aeng 135 $aur|n|---||||| 181 $ctxt 182 $cc 183 $acr 200 00$aInorganic syntheses$hVolume 34$b[electronic resource] /$feditor-in-chief John R. Shapley 210 $aNew York [etc.] $cWiley [etc.]$d2004 215 $a1 online resource (284 p.) 225 1 $aInorganic Syntheses ;$vv.68 300 $aDescription based upon print version of record. 311 $a0-471-64750-0 320 $aIncludes bibliographical references and index. 327 $aINORGANIC SYNTHESES Volume 34; PREFACE; NOTICE TO CONTRIBUTORS AND CHECKERS; TOXIC SUBSTANCES AND LABORATORY HAZARDS; CONTENTS; Chapter One MAIN GROUP COMPOUNDS; 1. Diborane(4) Compounds; A. Tetrakis(dimethylamino)diborane(4), B(2)(NMe(2))(4); B. 1,2-Dichloro-1,2-bis(dimethylamino)diborane(4), B(2)Cl(2)(NMe(2))(2); C. 2,2'-Bis(1,3,2-benzodioxaborole), B(2)(1,2-O(2)C(6)H(4))(2); 2. Sodium Tetrakis(3,5-bis(trifluoromethyl)phenyl)borate, Na[B(3,5-(CF(3))(2)C(6)H(3))(4)]; 3. Anionic Tris- and Bis(diphenylphosphinomethyl)borates 327 $aA. Tetrabutylammonium Phenyltris(diphenylphosphinomethyl)borate, [(n)Bu(4)N][PhB(CH(2)PPh(2))(3)]B. Tetrabutylammonium Diphenylbis(diphenylphosphinomethyl)borate, [(n)Bu(4)N][Ph(2)B(CH(2)PPh(2))(2)]; C. Thallium Phenyltris(diphenylphosphinomethyl)borate, [PhB(CH(2)PPh(2))(3)]Tl; 4. Six-Coordinate Aluminum Cations Based on Salen Ligands; A. Chloro-1,2-bis(2-hydroxybenzylideneimino)ethanealuminum, Al(Salen)Cl; B. Diaqua-1,2-bis(2-hydroxybenzylideneimino)ethanealuminum Chloride, [Al(Salen)(H(2)O)(2)]Cl 327 $aC. Dimethanol-1,2 bis-(2-hydroxy-3,5-bis(tert-butyl)benzylideneimino) Aluminum Chloride, [Al(Salen(t)Bu)(MeOH)(2)]ClD. Dimethanol-1,2-bis(2-hydroxy-3,5-bis(tert-butyl)benzylideneimino)ethanealuminum Tetraphenylborate, [Al((t)BuSalen)(MeOH)(2)][BPh(4)]; E. Dimethanol-1,2-bis(2-hydroxy-3,5-bis(tert-butyl)benzylideneimino)ethanealuminum para-Toluenesulfonate, [Al((t)BuSalen)(MeOH)(2)][OTs]; F. Bis(tetrahydrofuran)-1,2-bis(2-hydroxy-3,5-bis(tert-butyl)benzylideneimino)ethanealuminum Tetraphenylborate, [Al((t)BuSalen)(THF)(2)][BPh(4)]; 5. Tabular a-Alumina; 6. Para-Substituted Aryl Isocyanides 327 $aA. 1,4-Diisocyanobenzene, p-CNC(6)H(4)NCB. 1,4-Diisocyano-2,5-dimethylbenzene, p-CN(C(6)H(2)(CH(3))(2))NC; C. 1-Isocyano-4-methoxybenzene, p-CN(C(6)H(4))OCH(3); D. Bis(1,4-diisocyanobenzene)bis(1,2-bis(diphenylphosphino)ethane)tungsten(0), W(dppe)(2)(CNC(6)H(4)NC)(2); 7. Unsymmetric Tripod Ligands Related to Tris(pyrazol-1-yl)methane; A. Bis(pyrazol-1-yl)methanone, (pz)(2)C=O; B. N-Methylimidazole-2-carbaldehyde, (mim)CHO; C. Bis(pyrazol-1-yl)(pyridin-2-yl)methane, (pz)(2)(py)CH; D. Bis(pyrazol-1-yl)(N-methylimidazol-2-yl)methane, (pz)(2)(mim)CH; 8. Difluorotriphenylarsenic(V), AsF(2)Ph(3) 327 $a9. Tetramethylammonium Salts of Superoxide and PeroxynitriteA. Tetramethylammonium Superoxide, [N(CH(3))(4)]O(2); B. Tetramethylammonium Peroxynitrite, [N(CH(3))(4)][ONOO]; 10. Tellurium-Nitrogen Compounds; A. Lithium tert-Butylamide, Li[HN(t)Bu]; B. Bis(m-tert-butylimido)-bis(tert-butylimido)ditellurium, (t)BuNTe(m-N(t)Bu)(2)TeN(t)Bu; C. Bis{dilithium[tris(tert-butylimido)tellurite]}, {Li(2)[Te(N(t)Bu)(3)]}(2); Chapter Two ORGANOMETALLIC AND COORDINATION COMPLEXES; 11. Addition Compounds of Dibromodioxomolybdenum(VI); A. Stock Solution of MoO(2)Br(2)(H(2)O)(2) in Diethyl Ether 327 $aB. Diaquadibromodioxomolybdenum(VI) Diglyme Complex, MoO(2)Br(2)(H(2)O)(2)·diglyme 330 $aThis series provides inorganic chemists with detailed and foolproof procedures for the preparation of important and timely compounds. Volume 34 continues to report such procedures with an up-to-date selection of contributions by internationally-recognized researchers, including the following: 410 0$aInorganic Syntheses 606 $aInorganic compounds$xSynthesis 606 $aChemistry, Inorganic 615 0$aInorganic compounds$xSynthesis. 615 0$aChemistry, Inorganic. 676 $a541.39 676 $a541/.39 676 $a547.2 701 $aShapley$b John R$0983984 712 02$aAmerican Chemical Society. 801 0$bMiAaPQ 801 1$bMiAaPQ 801 2$bMiAaPQ 906 $aBOOK 912 $a9910143642403321 996 $aInorganic syntheses$92246791 997 $aUNINA LEADER 01117nam a2200301 i 4500 001 991000737359707536 005 20020507172936.0 008 970617s1996 us ||| | eng 020 $a0890065713 035 $ab1075037x-39ule_inst 035 $aLE01301533$9ExL 040 $aDip.to Matematica$beng 082 0 $a621.38456 084 $aAMS 94A05 100 1 $aPrasad, Ramjee$0534854 245 10$aCDMA for wireless personal communications /$cRamjee Prasad 260 $aBoston ; London :$bArtech House,$cc1996 300 $axvi, 386 p. :$bill. ;$c24 cm. 490 0 $aArtech House telecommunications library 500 $aIncludes bibliographical references and index 650 4$aCode division multiple access 650 4$aPersonal communication service systems 907 $a.b1075037x$b23-02-17$c28-06-02 912 $a991000737359707536 945 $aLE013 94A PRA11 (1996)$g1$i2013000082943$lle013$o-$pE0.00$q-$rl$s- $t0$u0$v0$w0$x0$y.i10843309$z28-06-02 996 $aCDMA for wireless personal communications$9911487 997 $aUNISALENTO 998 $ale013$b01-01-97$cm$da $e-$feng$gus $h0$i1 LEADER 03916nam 22007815 450 001 9910261091203321 005 20251101110036.0 010 $a9783486718065 010 $a3486718061 024 7 $a10.1524/9783486718065 035 $a(CKB)3710000000109170 035 $a(EBL)1433467 035 $a(OCoLC)742485803$z(OCoLC)879550889$z(OCoLC)882255661 035 $a(SSID)ssj0001315877 035 $a(PQKBManifestationID)11752187 035 $a(PQKBTitleCode)TC0001315877 035 $a(PQKBWorkID)11294967 035 $a(PQKB)10238587 035 $a(MiAaPQ)EBC1433467 035 $a(DE-B1597)228264 035 $a(OCoLC)979596293 035 $a(DE-B1597)9783486718065 035 $a(oapen)https://directory.doabooks.org/handle/20.500.12854/40578 035 $a(Perlego)1154351 035 $a(oapen)doab40578 035 $a(ODN)ODN0002483409 035 $a(EXLCZ)993710000000109170 100 $a20190708d2013 fg 101 0 $ager 135 $aur|n|---||||| 181 $ctxt$2rdacontent 182 $cc$2rdamedia 183 $acr$2rdacarrier 200 00$aAkten zur Auswärtigen Politik der Bundesrepublik Deutschland $eWissenschaftliche Leiterin: Ilse Dorothee Pautsch$i1980 /$fTim Geiger, Amit Das Gupta, Tim Szatkowski 210 $cDe Gruyter$d2011 210 1$aBerlin ;$aBoston :$cOldenbourg Wissenschaftsverlag,$d[2013] 210 4$d©2011 215 $a1 online resource (2207 pages) 225 0 $aAkten zur Auswärtigen Politik der Bundesrepublik Deutschland. 300 $aDescription based upon print version of record. 311 08$a9781306791670 311 08$a1306791677 311 08$a9783486702194 311 08$a348670219X 320 $aIncludes bibliographical references and index. 327 $tFrontmatter --$tInhalt --$tDokumentenverzeichnis --$tAkten zur Auswärtigen Politik der Bundesrepublik Deutschland 1980 330 $aHerausgegeben im Auftrag des Auswärtigen Amts vom Institut für Zeitgeschichte. Hauptherausgeber: Horst Möller, Mitherausgeber: Gregor Schöllgen Wissenschaftliche Leiterin: Ilse Dorothee Pautsch Ein Klimasturz im Ost-West-Verhältnis prägte das Jahr 1980: Der kurz zuvor verabschiedete NATO-Doppelbeschluss, in dem für den Fall eines Scheiterns von Rüstungskontrollverhandlungen die Nachrüstung amerikanischer Mittelstreckenwaffen in Westeuropa angekündigt wurde, vor allem aber die sowjetische Invasion in Afghanistan und die daraufhin ausgesetzte Ratifizierung des SALT-II-Vertrages drohten, die Ära der Entspannung zu beenden und zu einem neuen Rüstungswettlauf zu führen. Die Gefahr einer Intervention in Polen, wo mit "Solidarnosc" erstmals eine freie Gewerkschaft im Ostblock entstand, verdüsterte die internationalen Beziehungen zusätzlich, ebenso die Geiselnahme amerikanischer Botschaftsangehöriger in Iran. Die Bundesregierung bemühte sich, nicht zuletzt aus deutschlandpolitischen Motiven, diese Spannungen abzubauen, etwa durch Bundeskanzler Schmidts Besuch in der UdSSR. Dafür nahm Bonn Friktionen mit den USA in Kauf, fügte sich aber schließlich, wie schon beim Boykott der Olympischen Spiele in Moskau, der Bündnissolidarität. 606 $aAußenpolitik 606 $aBundesrepublik Deutschland 606 $aEdition 606 $aOst-West-Beziehungen 607 $aGermany (West)$xForeign relations$vSources 615 4$aAußenpolitik. 615 4$aBundesrepublik Deutschland. 615 4$aEdition. 615 4$aOst-West-Beziehungen. 676 $a658.405 686 $aHIS000000$aHIS014000$aHIS037070$2bisacsh 700 $aGeiger$b Tim$4auth$01430641 702 $aDas Gupta$b Amit 702 $aGeiger$b Tim 702 $aSzatkowski$b Tim 801 0$bDE-B1597 801 1$bDE-B1597 906 $aBOOK 912 $a9910261091203321 996 $aAkten zur Auswärtigen Politik der Bundesrepublik Deutschland$93570389 997 $aUNINA